|
|
|
|
| LEADER |
00670nam a2200253 a 4500 |
| 001 |
adlib96000001 |
| 003 |
ViArRB |
| 005 |
20151026131124.0 |
| 008 |
960221s1955 dcuabcdjdbkoqu001 0deng d |
| 020 |
|
|
|
| 022 |
|
|
|
| 040 |
|
|
|a Adlib
|
| 082 |
|
|
|a 66.098
|
| 245 |
|
|
|a Biochemical Engineering Fundamentals
|
| 250 |
|
|
|
| 260 |
|
|
|a New York
|b McGraw-Hill
|c 1977
|
| 300 |
|
|
|a xiv, 753 p
|
| 500 |
|
|
|a
|
| 100 |
|
|
|a Bailey, James E
|
| 700 |
|
|
|a Ollis, David F
|
| 942 |
|
|
|c BK
|6 _
|
| 653 |
|
|
|a Biochemical Engineering
|
| 999 |
|
|
|c 20753
|d 20753
|
| 952 |
|
|
|0 0
|1 0
|4 0
|6 66098_BAI
|7 0
|9 32309
|a UL
|b UL
|d 2010-06-16
|l 2
|o 66.098 BAI
|p 00022527
|r 2012-02-27
|s 2012-01-05
|w 2010-06-16
|y BK
|